Welcome to the Holygrace Academy Library

Please use search bar below to get started

ATHIMARAVUM THATHAYUM (Record no. 6930)

MARC details
000 -LEADER
fixed length control field 00237nam a22001097a 4500
082 ## - DEWEY DECIMAL CLASSIFICATION NUMBER
Classification number 894.812.3
Item number KAN/A
245 ## - TITLE STATEMENT
Title ATHIMARAVUM THATHAYUM
260 ## - PUBLICATION, DISTRIBUTION, ETC. (IMPRINT)
Place of publication THRISSUR
Name of publisher H&C BOOKS
Year of publication 2022
300 ## - PHYSICAL DESCRIPTION
Number of Pages 48
650 ## - SUBJECT ADDED ENTRY--TOPICAL TERM
Topical Term STORY
Geographic subdivision THRISSUR
942 ## - ADDED ENTRY ELEMENTS (KOHA)
Koha item type Books
Holdings
Withdrawn status Lost status Collection code Home library Current library Shelving location Date acquired Source of acquisition Full call number Accession Number Koha item type
    Fiction Main Library Main Library NEW SHELF WITH NEW ENTRY 26/10/2023 PURCHASE 894.812.3 KAN/A 13052 Books